00705nam a2200205Ia 4500003000900000008004100009020001800050040001600068080002300084100002600107245012200133260003100255300001500286650003100301650001900332700002600351942000700377999001500384952010000399IN-BaIIA211028s9999 xx 000 0 eng d a0-85274-392-0 cIIA Library a519.68:531.32bHOC aHockney, R. W.916043 0aComputer simulation using particlesc R. W. Hockney and J. W. Eastwood  aBristolbAdam Hilgerc1988 axxi, 540p. aComputer simulation910177 aNASA thesaurus aEastwood, J. W916044 cBK c9519d9519 00104070aBANbBANcGENd0000-00-00l0o519.68:531.32/ HOCp10429r2021-11-05w0000-00-00yBK